<?xml version="1.0" encoding="UTF-8"?>
<collection xmlns="http://www.loc.gov/MARC21/slim">
    <record>
        <controlfield tag="001">78302</controlfield>
        <controlfield tag="005">20190318163937.0</controlfield>
        <datafield tag="024" ind1="7" ind2=" ">
            <subfield code="2">doi</subfield>
            <subfield code="a">10.22458/rna.v7i1.1172</subfield>
        </datafield>
        <datafield tag="024" ind1="8" ind2=" ">
            <subfield code="2">sideral</subfield>
            <subfield code="a">111051</subfield>
        </datafield>
        <datafield tag="037" ind1=" " ind2=" ">
            <subfield code="a">ART-2016-111051</subfield>
        </datafield>
        <datafield tag="041" ind1=" " ind2=" ">
            <subfield code="a">spa</subfield>
        </datafield>
        <datafield tag="100" ind1=" " ind2=" ">
            <subfield code="a">Aguilar Rojas, Oscar Ney</subfield>
        </datafield>
        <datafield tag="245" ind1=" " ind2=" ">
            <subfield code="a">La tendencia a quejarse ante un tercero tras un fallo en el servicio: influencia de la justicia interpersonal y la experiencia previa en el sector hotelero español</subfield>
        </datafield>
        <datafield tag="260" ind1=" " ind2=" ">
            <subfield code="c">2016</subfield>
        </datafield>
        <datafield tag="506" ind1="0" ind2=" ">
            <subfield code="a">Access copy available to the general public</subfield>
            <subfield code="f">Unrestricted</subfield>
        </datafield>
        <datafield tag="520" ind1="3" ind2=" ">
            <subfield code="a">Nunca antes tantos servicios habían sido comprados, vendidos y consumidos como lo son hoy y además, nunca antes los consumidores habían tenido tantos medios para manifestar su insatisfacción a través de una queja. Este trabajo aborda el estudio de las quejas ante un tercero en el contexto de los hoteles teniendo en cuenta la experiencia previa del cliente y el trato del que ha sido objeto. El objetivo de este artículo era analizar qué influencia puede ejercer la justicia interpersonal, la experiencia previa, el género y la edad sobre la intención de quejarse ante un tercero. Además, se ha estudiado cuáles son los instrumentos de queja que utiliza un cliente insatisfecho tras un fallo en un servicio, si los periódicos, las redes sociales, las asociaciones de consumidores o acometer acciones legales. Se presentan resultados interesantes de los que se derivan consecuencias aplicables a una gestión efectiva de las quejas en el sector de los servicios y recomendaciones para evitar que se interpongan dichas quejas.</subfield>
        </datafield>
        <datafield tag="540" ind1=" " ind2=" ">
            <subfield code="9">info:eu-repo/semantics/openAccess</subfield>
            <subfield code="a">by-sa</subfield>
            <subfield code="u">http://creativecommons.org/licenses/by-sa/3.0/es/</subfield>
        </datafield>
        <datafield tag="655" ind1=" " ind2="4">
            <subfield code="a">info:eu-repo/semantics/article</subfield>
            <subfield code="v">info:eu-repo/semantics/publishedVersion</subfield>
        </datafield>
        <datafield tag="700" ind1=" " ind2=" ">
            <subfield code="0">(orcid)0000-0002-2952-0750</subfield>
            <subfield code="a">Fandos Herrera, Carmina</subfield>
            <subfield code="u">Universidad de Zaragoza</subfield>
        </datafield>
        <datafield tag="710" ind1="2" ind2=" ">
            <subfield code="1">4011</subfield>
            <subfield code="2">095</subfield>
            <subfield code="a">Universidad de Zaragoza</subfield>
            <subfield code="b">Dpto. Direc.Mark.Inves.Mercad.</subfield>
            <subfield code="c">Área Comerci.Investig.Mercados</subfield>
        </datafield>
        <datafield tag="773" ind1=" " ind2=" ">
            <subfield code="g">7, 1 (2016), 87-106</subfield>
            <subfield code="p">Rev. nac. admin.</subfield>
            <subfield code="t">Revista nacional de administración</subfield>
            <subfield code="x">1659-4932</subfield>
        </datafield>
        <datafield tag="856" ind1="4" ind2=" ">
            <subfield code="s">1452931</subfield>
            <subfield code="u">http://zaguan.unizar.es/record/78302/files/texto_completo.pdf</subfield>
            <subfield code="y">Versión publicada</subfield>
        </datafield>
        <datafield tag="856" ind1="4" ind2=" ">
            <subfield code="s">82301</subfield>
            <subfield code="u">http://zaguan.unizar.es/record/78302/files/texto_completo.jpg?subformat=icon</subfield>
            <subfield code="x">icon</subfield>
            <subfield code="y">Versión publicada</subfield>
        </datafield>
        <datafield tag="909" ind1="C" ind2="O">
            <subfield code="o">oai:zaguan.unizar.es:78302</subfield>
            <subfield code="p">articulos</subfield>
            <subfield code="p">driver</subfield>
        </datafield>
        <datafield tag="951" ind1=" " ind2=" ">
            <subfield code="a">2019-03-18-14:47:28</subfield>
        </datafield>
        <datafield tag="980" ind1=" " ind2=" ">
            <subfield code="a">ARTICLE</subfield>
        </datafield>
    </record>

    
</collection>